000
00240nam a22001097a 4500
041
_a
ENG
245
_a
A Bibliography Of Farm Buildings Research
260
_a
Delhi
_b
AVI
_c
1961
300
_a
52
650
_a
APE ( 02 )
856
_u
APE ( 02 )
999
_c
2870
_d
2870